Important Milestones in the Common History of Selected European Countries and their Impact on Culture

Zdôraznenie najvýznamnejších míľnikov v spoločnej histórii Slovenska a Rakúska ako susedných krajín v strednej Európe. Zameranie prevažne na 20. storočie, ktoré možno charakterizovať intenzifikáciou európskej integrácie.

Guardado en:
Detalles Bibliográficos
Autor principal: Čiefová, Michaela, 1991-
Otros Autores: Seresová, Katarína, 1967-
Formato: Capítulo de libro
Lenguaje:inglés
Materias:
Etiquetas: Agregar Etiqueta
Sin Etiquetas, Sea el primero en etiquetar este registro!

MARC

LEADER 00000nla a2200000 4500
001 0243821
005 20240502083653.0
041 0 |a eng 
044 |a CZ 
245 1 0 |a Important Milestones in the Common History of Selected European Countries and their Impact on Culture 
520 |a Zdôraznenie najvýznamnejších míľnikov v spoločnej histórii Slovenska a Rakúska ako susedných krajín v strednej Európe. Zameranie prevažne na 20. storočie, ktoré možno charakterizovať intenzifikáciou európskej integrácie. 
610 2 0 |a Rakúsko 
610 2 0 |a kultúra 
610 2 0 |a Európa 
610 2 0 |a história 
610 2 0 |a dejiny 
610 2 0 |a Slovensko 
100 1 |a Čiefová, Michaela, 1991- 
700 1 |a Seresová, Katarína, 1967-